| 000 | 00633nam a22002297a 4500 | ||
|---|---|---|---|
| 001 | sjds170121 | ||
| 003 | sjds | ||
| 005 | 20170707154307.0 | ||
| 008 | 170707b sp||||| |||| 00| 0 spa d | ||
| 020 | _a9788478333011 (pbk.) | ||
| 040 | _csjds | ||
| 041 | _aspa | ||
| 100 | 1 | _aBagge, Peter | |
| 245 | 1 | 3 |
_aLa tribu de los Bradley / _cPeter Bagge ; [traducción, Hernán Migoya]. |
| 246 | _aLa tribu de los Bradley | ||
| 260 |
_aBarcelona _bLa Cúpula _c2003. |
||
| 300 |
_a82 p. _bprincipalmente il. _c24 cm. |
||
| 490 |
_aBuddy y los Bradley, _v2; |
||
| 490 | _aVíbora cómix | ||
| 700 | 1 | _aMigoya, Herman | |
| 942 | _cBK | ||
| 999 |
_c18162 _d18162 |
||